000 00786cam a22001934a 4500
005 20250605164345.0
008 250528s ||||||||||||||||||||||||d
035 _a23865
040 _aGR-AtMCL
_bgre
_dGR-AtMCL
_eAACR2
245 1 _aThe Great Baby Signing Debate / Gwyneth Doherty-Sneddon on an Area Where Academia Meets Public Interest
260 _c2008
300 _a87
520 _aThe APA and Interrogation, Watching the Watchers, Why People Believe weird Things, Consumer Psychology, Rehabilitation Work, Statutory Regulation, Members Shaping Public Policy, A Less Well-Known Jewish Psychotherapist Refugee from Nazi Europe.
700 1 _aSutton Jon
_99351
942 _cCR
710 2 _aThe British Psychological Society
_99823
999 _c8784
_d8784